ASMC 2005- Advancing semiconductor manufacturing excellence
Zapisane w:
| Format: | Książka |
|---|---|
| Język: | Undetermined |
| Wydane: |
IEEE
2005
|
| Hasła przedmiotowe: | |
| Etykiety: |
Dodaj etykietę
Nie ma etykietki, Dołącz pierwszą etykiete!
|
| Thư viện lưu trữ: | Trung tâm Học liệu Trường Đại học Cần Thơ |
|---|
| LEADER | 00402nam a2200145Ia 4500 | ||
|---|---|---|---|
| 001 | CTU_103186 | ||
| 008 | 210402s9999 xx 000 0 und d | ||
| 082 | |a 621.381 | ||
| 082 | |b A244 | ||
| 245 | 0 | |a ASMC 2005- Advancing semiconductor manufacturing excellence | |
| 260 | |b IEEE | ||
| 260 | |c 2005 | ||
| 650 | |a Semiconductors | ||
| 904 | |i M.Loan | ||
| 980 | |a Trung tâm Học liệu Trường Đại học Cần Thơ | ||